Idegsebészeti osztály finanszírozása
Elmentve itt :
| Szerző: | |
|---|---|
| További közreműködők: | |
| Dokumentumtípus: | Szakdolgozat |
| Megjelent: |
2000
|
| Tárgyszavak: | |
| Online Access: | http://diploma.bibl.u-szeged.hu/37071 |
| LEADER | 00555nta a2200157 i 4500 | ||
|---|---|---|---|
| 001 | dipl37071 | ||
| 005 | 20190430075125.0 | ||
| 008 | 120227s2000 hu om 0|| zxx d | ||
| 040 | |a SZTE Diploma Repozitórium |b hun | ||
| 041 | |a zxx | ||
| 100 | 1 | |a Oláh Csaba Zsolt | |
| 245 | 1 | 0 | |a Idegsebészeti osztály finanszírozása |h [elektronikus dokumentum] / |c dr. Csaba Zsolt Oláh |
| 260 | |c 2000 | ||
| 650 | 4 | |a Gazdaságtudományok | |
| 700 | 1 | |a Garancsy László |e ths | |
| 856 | 4 | 0 | |u http://diploma.bibl.u-szeged.hu/id/eprint/37071/1/2000_dr_olah_csaba_zsolt.pdf |z Dokumentum-elérés |